[Event "Hong Kong op"]
[Site "Hong Kong"]
[Date "2023.12.27"]
[Round "6"]
[White "Wong, Yen Hsiu Elliot"]
[Black "Zhang, Hongya"]
[Result "1-0"]
[WhiteElo "1728"]
[BlackElo "1285"]
[PlyCount "81"]
[EventDate "2023.12.24"]
[EventType "swiss"]
[EventRounds "9"]
[EventCountry "HKG"]
[SourceTitle "CB01_2024"]
[SourceDate "2024.01.03"]
[SourceVersion "1"]
[SourceVersionDate "2024.01.03"]
[SourceQuality "1"]

1. d4 d5 2. c4 e6 3. Nf3 c6 4. Nc3 dxc4 5. e4 b5 6. a4 Bb4 7. Bd2 Bxc3 8. Bxc3 Nf6 9. Qc2 Bb7 10. Be2 a6 11. 0-0 0-0 12. Nd2 Nbd7 13. b3 cxb3 14. Nxb3 Qc7 15. Bb4 Rfe8 16. Rfc1 Qf4 17. Bf3 e5 18. Na5 exd4 19. Nxb7 Ne5 20. Qd1 Nfg4 21. Bxg4 Nxg4 22. Bd6 Qxf2+ 23. Kh1 Rxe4 24. Qf3 Qe3 25. Bg3 d3 26. Nd6 d2 27. Rf1 Nf6 28. Nxe4 Qxe4 29. axb5 cxb5 30. Bh4 Re8 31. Bxf6 Qxf3 32. gxf3 gxf6 33. Kg2 b4 34. Kf2 b3 35. Rfd1 Rd8 36. Ke2 Rd4 37. Rxd2 Rh4 38. Ke3 Rb4 39. Rb2 Rb6 40. Ra3 Re6+ 41. Kf2 1-0

[Event "Hong Kong op"]
[Site "Hong Kong"]
[Date "2023.12.26"]
[Round "4"]
[White "Wong, Yen Hsiu Elliot"]
[Black "Zhao, Yuanhe"]
[Result "0-1"]
[WhiteElo "1728"]
[BlackElo "2462"]
[PlyCount "86"]
[EventDate "2023.12.24"]
[EventType "swiss"]
[EventRounds "9"]
[EventCountry "HKG"]
[SourceTitle "CB01_2024"]
[SourceDate "2024.01.03"]
[SourceVersion "1"]
[SourceVersionDate "2024.01.03"]
[SourceQuality "1"]

1. d4 Nf6 2. c4 g6 3. Nc3 d5 4. cxd5 Nxd5 5. e4 Nxc3 6. bxc3 Bg7 7. Nf3 c5 8. Be2 0-0 9. 0-0 b6 10. Be3 Bb7 11. Qc2 Nd7 12. Rab1 cxd4 13. cxd4 Rc8 14. Qd3 e6 15. Nd2 Qe7 16. Qb3 Nb8 17. Rbc1 Nc6 18. Nf3 h6 19. Rfd1 Rfd8 20. Qa4 Qb4 21. Bb5 Qxa4 22. Bxa4 Nb4 23. Bb3 Bxe4 24. Ne5 Bc2 25. Bxc2 Nxc2 26. Nf3 b5 27. Kf1 a6 28. Ke2 Nb4 29. Rxc8 Rxc8 30. Rd2 f6 31. Rb2 Bf8 32. Bxh6 Bxh6 33. Rxb4 Rc2+ 34. Ke1 Rxa2 35. Rb1 Kf7 36. g4 Bf4 37. h4 Rc2 38. Ng1 b4 39. Ne2 Bd6 40. Nc1 a5 41. Nb3 a4 42. Nc5 Bxc5 43. dxc5 b3 0-1

[Event "Tanglin op"]
[Site "Singapore"]
[Date "2022.06.01"]
[Round "7"]
[White "Rice, Lauren"]
[Black "Wong, Yen Hsiu Elliot"]
[Result "1/2-1/2"]
[WhiteElo "1563"]
[BlackElo "1490"]
[PlyCount "74"]
[EventDate "2022.05.28"]
[EventType "swiss"]
[EventRounds "9"]
[EventCountry "SIN"]
[SourceTitle "CBM 208 Extra"]
[Source "ChessBase"]
[SourceDate "2022.07.31"]
[SourceVersion "1"]
[SourceVersionDate "2022.07.31"]
[SourceQuality "1"]

1. d4 d5 2. c4 e6 3. Nf3 Nf6 4. g3 c6 5. Bg2 Bd6 6. 0-0 0-0 7. Nc3 Nbd7 8. Nd2 h6 9. e4 dxe4 10. Ndxe4 Nxe4 11. Nxe4 Be7 12. Bf4 Nf6 13. c5 Nd5 14. Bd6 Bxd6 15. Nxd6 b6 16. Re1 bxc5 17. dxc5 Qa5 18. Qc2 Rb8 19. a3 Qc7 20. Re4 a5 21. Qd2 Rb3 22. Rae1 Qb8 23. Rg4 Nf6 24. Rc4 Rxb2 25. Qxa5 Rb1 26. Qd2 Nd5 27. Bxd5 exd5 28. Rb4 Rxe1+ 29. Qxe1 Qa7 30. Qe3 Be6 31. a4 Rb8 32. Qb3 Rxb4 33. Qxb4 Bh3 34. f3 Qa6 35. Qb8+ Kh7 36. Qb1+ g6 37. Kf2 Qxa4 1/2-1/2

[Event "Tanglin op"]
[Site "Singapore"]
[Date "2022.05.29"]
[Round "3"]
[White "Wong, Zhenyong Jayden"]
[Black "Wong, Yen Hsiu Elliot"]
[Result "1-0"]
[WhiteElo "2216"]
[BlackElo "1490"]
[PlyCount "57"]
[EventDate "2022.05.28"]
[EventType "swiss"]
[EventRounds "9"]
[EventCountry "SIN"]
[SourceTitle "CBM 208 Extra"]
[Source "ChessBase"]
[SourceDate "2022.07.31"]
[SourceVersion "1"]
[SourceVersionDate "2022.07.31"]
[SourceQuality "1"]

1. c4 e6 2. g3 d5 3. Bg2 Nf6 4. d4 c6 5. Nf3 Bd6 6. 0-0 0-0 7. Nc3 Nbd7 8. Nd2 Re8 9. e4 dxe4 10. Ndxe4 Nxe4 11. Nxe4 Be7 12. Bf4 Nf6 13. Nc3 Bd6 14. Qd2 h6 15. Rfe1 Qc7 16. Be5 Nd7 17. Bxd6 Qxd6 18. Ne4 Qc7 19. c5 Rd8 20. Rad1 b6 21. Nd6 bxc5 22. dxc5 Nxc5 23. Nb5 Rxd2 24. Nxc7 Rxd1 25. Rxd1 Rb8 26. b4 Nd7 27. Bxc6 Nf6 28. Rd8+ Kh7 29. b5 1-0